000 00613nam a2200205 4500
001 144901
003 ES-MaACL
005 20230906201125.0
007 t|
008 070214s1969 sp r ||||1| spa d
080 _a658.15
100 1 _aSimmons, John D.
_9106490
245 1 0 _aPlanificación de beneficios a largo plazo /
_cJohn D. Simmons ; traducción de José María Sènz.
260 _aMadrid :
_bIbérico Europea,
_c1969.
300 _a139 p. ;
_c21 cm.
650 4 _aBeneficios.
_9145862
700 1 _aSáenz, José María.
_9183050
852 _aES-MaACL
_jC-49906
_bR.72020
999 _c144901
_d144901